| 000 | 00367nam a2200145Ia 4500 | ||
|---|---|---|---|
| 008 | 150201s1999 xx 000 0 und d | ||
| 082 |
_a611.313 _bD1999A |
||
| 100 | _aASH,MAJOR.M. | ||
| 245 | _aDENTAL ANATOMY PHYSIOLOGY & OCCLUSION | ||
| 250 | _a7TH | ||
| 260 |
_bW.B.SAUNDERS _aPHILADELPHIA _c1999 |
||
| 300 | _a1-478 | ||
| 650 | _aORAL PATHOLOGY | ||
| 942 |
_2ddc _cBK |
||
| 999 |
_c3140 _d3140 |
||